National Flags containing Circles - Statistics

General Stats
  • This quiz has been taken 24 times
  • The average score is 21 of 26
Answer Stats
Picture Answer % Correct
Brazil
100%
Japan
100%
North Korea
100%
South Korea
100%
Bangladesh
91%
India
91%
Kazakhstan
91%
Laos
91%
North Macedonia
91%
Niger
87%
Philippines
87%
Tunisia
87%
Uganda
87%
Ethiopia
83%
Afghanistan
78%
Belize
78%
Burundi
78%
Paraguay
78%
Cape Verde
74%
Palau
74%
Dominica
70%
Kyrgyzstan
70%
Namibia
70%
Grenada
61%
Eritrea
57%
Greenland (Denmark)
57%
No matching quizzes found
Score Distribution
Percent of People with Each Score
Percentile by Number Answered
Your Score History
You have not taken this quiz